Úloha sektoru služeb v podmínkách realizace strategie Evropa 2020

Úloha sektoru služieb v realizácii dlhodobých cieľov ekonomického a sociálneho rozvoja EÚ.

Gespeichert in:
Bibliographische Detailangaben
1. Verfasser: Zeman, Karel
Format: Buchkapitel
Sprache:Tschechisch
Schlagworte:
Tags: Tag hinzufügen
Keine Tags, Fügen Sie das erste Tag hinzu!

MARC

LEADER 00000naa a2200000 4500
001 0136127
005 20220713131337.1
041 0 |a cze 
044 |a CZ 
245 1 0 |a Úloha sektoru služeb v podmínkách realizace strategie Evropa 2020  |c Karel Zeman 
520 |a Úloha sektoru služieb v realizácii dlhodobých cieľov ekonomického a sociálneho rozvoja EÚ. 
610 2 0 |a spolupráca medzinárodná 
610 2 0 |a služby 
610 2 0 |a sektor terciárny 
610 2 0 |a rozvoj trvalo udržateľný 
610 2 0 |a rozvoj sociálny 
610 2 0 |a Európska únia 
610 2 0 |a prostredie ekonomické 
610 2 0 |a integrácia ekonomická medzinárodná 
100 1 |a Zeman, Karel